[Event "Llinars del Valles op-B 13th"]
[Site "Llinars del Valles"]
[Date "2019.06.01"]
[Round "6"]
[White "Bons Fuses, Marc"]
[Black "Bosch Ricart, Joan"]
[Result "1-0"]
[WhiteElo "1638"]
[BlackElo "1495"]
[PlyCount "36"]
[EventDate "2019.03.30"]
[EventType "swiss"]
[EventRounds "8"]
[EventCountry "ESP"]
[SourceTitle "EXT 2020"]
[Source "ChessBase"]
[SourceDate "2019.10.17"]
[SourceVersion "1"]
[SourceVersionDate "2019.10.17"]
[SourceQuality "1"]

1. e4 d5 2. exd5 Qxd5 3. Nc3 Qd8 4. Bc4 Nf6 5. Nf3 Bg4 6. Ne5 Qd4 7. Bxf7+ Kd8 8. Nxg4 Nxg4 9. Qf3 c6 10. 0-0 Nd7 11. d3 Nde5 12. Qf5 h5 13. Bf4 Nxf7 14. Qxf7 Nf6 15. Be3 Qd7 16. Ne4 h4 17. h3 Nd5 18. Nc5 Nc7 1-0

[Event "Llinars del Valles op-B 13th"]
[Site "Llinars del Valles"]
[Date "2019.05.18"]
[Round "5"]
[White "Bosch Ricart, Joan"]
[Black "Contijoch Montpart, Roger"]
[Result "1-0"]
[WhiteElo "1495"]
[BlackElo "1343"]
[PlyCount "41"]
[EventDate "2019.03.30"]
[EventType "swiss"]
[EventRounds "8"]
[EventCountry "ESP"]
[SourceTitle "EXT 2020"]
[Source "ChessBase"]
[SourceDate "2019.10.17"]
[SourceVersion "1"]
[SourceVersionDate "2019.10.17"]
[SourceQuality "1"]

1. e4 d5 2. exd5 Qxd5 3. Nc3 Qd6 4. d3 Nf6 5. Nf3 c6 6. Be2 Bf5 7. Bd2 e6 8. Ng5 h6 9. Nge4 Bxe4 10. Nxe4 Nxe4 11. dxe4 Qe5 12. Bc3 Qxe4 13. 0-0 Nd7 14. Bd3 Qd5 15. Qe2 Nc5 16. Rad1 Nxd3 17. Rxd3 Qb5 18. Rfd1 Rg8 19. f4 f5 20. Qxe6+ Be7 21. Qxg8+ 1-0

[Event "Llinars del Valles op-B 13th"]
[Site "Llinars del Valles"]
[Date "2019.03.30"]
[Round "1"]
[White "Bosch Ricart, Joan"]
[Black "Ros Roger, Alexandre"]
[Result "1/2-1/2"]
[WhiteElo "1495"]
[BlackElo "1653"]
[PlyCount "44"]
[EventDate "2019.03.30"]
[EventType "swiss"]
[EventRounds "8"]
[EventCountry "ESP"]
[SourceTitle "EXT 2020"]
[Source "ChessBase"]
[SourceDate "2019.10.17"]
[SourceVersion "1"]
[SourceVersionDate "2019.10.17"]
[SourceQuality "1"]

1. e4 c5 2. Nf3 e6 3. d4 cxd4 4. Nxd4 Nf6 5. Nd2 Nc6 6. c3 e5 7. N4b3 d6 8. Be2 Be6 9. 0-0 Be7 10. Qc2 Rc8 11. Rd1 0-0 12. Nf3 Qc7 13. Bg5 h6 14. Bh4 Rfd8 15. Bg3 d5 16. exd5 Bxd5 17. Nbd4 Qb6 18. Nxc6 Qxc6 19. Qf5 e4 20. Nd4 Qb6 21. Qe5 Bd6 22. Qf5 Be7 1/2-1/2

[Event "Llinars del Valles op-B 12th"]
[Site "Llinars del Valles"]
[Date "2018.05.19"]
[Round "5.20"]
[White "Bautista Sarmiento, Joel"]
[Black "Bosch Ricart, Joan"]
[Result "1/2-1/2"]
[WhiteElo "1373"]
[BlackElo "1623"]
[PlyCount "79"]
[EventDate "2018.04.14"]
[EventType "swiss"]
[EventRounds "8"]
[EventCountry "ESP"]
[SourceTitle "CBM 184 Extra"]
[Source "ChessBase"]
[SourceDate "2018.06.28"]
[SourceVersion "1"]
[SourceVersionDate "2018.06.28"]
[SourceQuality "1"]

1. e4 d5 2. exd5 Nf6 3. d4 Nxd5 4. Bb5+ c6 5. Be2 Qc7 6. Nf3 Bg4 7. Ne5 Bxe2 8. Qxe2 e6 9. c4 Bb4+ 10. Nd2 Nf6 11. a3 Be7 12. f4 Nbd7 13. Ndf3 Nxe5 14. Nxe5 Rd8 15. Qe3 c5 16. Nf3 cxd4 17. Qd3 Qa5+ 18. Bd2 Qf5 19. Qxf5 exf5 20. 0-0 0-0 21. Rfe1 Ne4 22. Rad1 Bf6 23. Ba5 b6 24. Bb4 Rfe8 25. Nd2 a5 26. Nxe4 fxe4 27. Bd2 e3 28. Bc1 h5 29. g3 d3 30. Bxe3 Rxe3 31. Rxe3 Bd4 32. Rdxd3 Bxe3+ 33. Rxe3 Rd1+ 34. Kf2 Rd6 35. Re8+ Kh7 36. Re7 Kg6 37. f5+ Kf6 38. Re2 Kxf5 39. Kg2 Kg6 40. Kh3 1/2-1/2

[Event "Llinars del Valles op 11th B"]
[Site "Llinars del Valles"]
[Date "2017.06.10"]
[Round "8.15"]
[White "Bosch Ricart, Joan"]
[Black "Oms Bruguera, Arnau"]
[Result "1/2-1/2"]
[WhiteElo "1692"]
[BlackElo "1544"]
[PlyCount "133"]
[EventDate "2017.04.22"]
[EventType "swiss"]
[EventRounds "9"]
[EventCountry "ESP"]
[SourceTitle "EXT 2024"]
[Source "ChessBase"]
[SourceDate "2023.10.10"]
[SourceVersion "1"]
[SourceVersionDate "2023.10.10"]
[SourceQuality "1"]

1. d4 d5 2. c4 c6 3. e3 Nf6 4. Nc3 g6 5. Be2 Bg7 6. Nf3 Nbd7 7. 0-0 0-0 8. Bd2 dxc4 9. Bxc4 Nb6 10. Be2 Re8 11. Rc1 Bg4 12. h3 Bxf3 13. Bxf3 e5 14. dxe5 Rxe5 15. Ne2 Ne4 16. Bxe4 Rxe4 17. Bc3 Nd5 18. Bxg7 Kxg7 19. Ng3 Re6 20. Qc2 Qb6 21. Rcd1 Rd8 22. Rfe1 Nf6 23. Rxd8 Qxd8 24. Rd1 Rd6 25. Rxd6 Qxd6 26. Qc3 Kg8 27. e4 Nd7 28. Qc2 Ne5 29. Ne2 Qd3 30. Qc3 Qxe4 31. Ng3 Qd5 32. Kh2 Nd3 33. f3 Qd6 34. Qd2 b6 35. f4 Qd5 36. Ne2 Qd6 37. g3 Qd7 38. Nc1 Nc5 39. Qc2 Qe6 40. b4 Ne4 41. Nd3 f6 42. Nf2 Nxf2 43. Qxf2 Qd5 44. h4 Kf7 45. Qb2 h5 46. Qc2 c5 47. Qa4 Qd4 48. a3 cxb4 49. Qxa7+ Kg8 50. axb4 Qd2+ 51. Kh3 Qxb4 52. Qb8+ Kg7 53. Qc7+ Kh8 54. Qd8+ Kg7 55. Qd7+ Kf8 56. Qd8+ Kf7 57. Qc7+ Qe7 58. Qxb6 Qe6+ 59. Qxe6+ Kxe6 60. Kg2 Kd5 61. Kf3 f5 62. Ke3 Kc4 63. Kd2 Kd4 64. Ke2 Kc3 65. Ke3 Kc4 66. Ke2 Kc3 67. Ke3 1/2-1/2

[Event "Llinars del Valles op 11th B"]
[Site "Llinars del Valles"]
[Date "2017.05.06"]
[Round "3.8"]
[White "Horta Gafarot, Biel"]
[Black "Bosch Ricart, Joan"]
[Result "1-0"]
[WhiteElo "1497"]
[BlackElo "1692"]
[PlyCount "63"]
[EventDate "2017.04.22"]
[EventType "swiss"]
[EventRounds "9"]
[EventCountry "ESP"]
[SourceTitle "EXT 2024"]
[Source "ChessBase"]
[SourceDate "2023.10.10"]
[SourceVersion "1"]
[SourceVersionDate "2023.10.10"]
[SourceQuality "1"]

1. e4 d5 2. exd5 Qxd5 3. Nc3 Qa5 4. d4 c6 5. Bc4 Nf6 6. Bd2 Qc7 7. h3 e6 8. Nf3 Bd6 9. Qe2 0-0 10. Ne4 Nbd7 11. Nxd6 Qxd6 12. c3 Nd5 13. 0-0 N7b6 14. Bb3 Nf4 15. Qe4 Ng6 16. h4 Nd5 17. Bg5 h6 18. h5 f5 19. Qe2 Ngf4 20. Bxf4 Nxf4 21. Qe3 Nxh5 22. Rfe1 Rf6 23. Ne5 Kh7 24. Re2 g5 25. Rae1 Nf4 26. Rd2 b6 27. g3 Nd5 28. Qd3 Kg7 29. Rde2 h5 30. Qf3 Kh6 31. Kg2 f4 32. Qxh5+ 1-0

[Event "Llinars del Valles op 11th B"]
[Site "Llinars del Valles"]
[Date "2017.04.29"]
[Round "2.2"]
[White "Bosch Ricart, Joan"]
[Black "Bernado Lopez, Roger"]
[Result "1/2-1/2"]
[WhiteElo "1692"]
[BlackElo "1484"]
[PlyCount "90"]
[EventDate "2017.04.22"]
[EventType "swiss"]
[EventRounds "9"]
[EventCountry "ESP"]
[SourceTitle "EXT 2024"]
[Source "ChessBase"]
[SourceDate "2023.10.10"]
[SourceVersion "1"]
[SourceVersionDate "2023.10.10"]
[SourceQuality "1"]

1. d4 d5 2. c4 e6 3. Nf3 c6 4. Nc3 Nf6 5. e3 Nbd7 6. Bd3 dxc4 7. Bxc4 b5 8. Bd3 Bb7 9. a3 a6 10. 0-0 c5 11. Bd2 cxd4 12. exd4 Bd6 13. Re1 0-0 14. Rc1 Rc8 15. Ng5 Qb6 16. Be3 Qa5 17. Bb1 h6 18. Nge4 Nxe4 19. Bxe4 Bxe4 20. Nxe4 Be7 21. b4 Rxc1 22. Bxc1 Qc7 23. Nc5 Nxc5 24. dxc5 Rd8 25. Qg4 Kf8 26. Rd1 Rxd1+ 27. Qxd1 Qe5 28. g3 Bf6 29. Qd2 Qc3 30. Qxc3 Bxc3 31. Kf1 a5 32. bxa5 Bxa5 33. Ke2 Ke7 34. h4 Kd7 35. Kd3 Kc6 36. Be3 Kd5 37. h5 e5 38. f3 Be1 39. g4 Ba5 40. Bf2 b4 41. Be1 Kxc5 42. axb4+ Bxb4 43. Bxb4+ Kxb4 44. Ke4 Kc5 45. Kxe5 Kc6 1/2-1/2

[Event "Roncana op-A 10th"]
[Site "Santa Eulalia de Roncana"]
[Date "2016.11.12"]
[Round "7"]
[White "Bosch Ricart, Joan"]
[Black "Garcia Escoda, Marc"]
[Result "0-1"]
[WhiteElo "1678"]
[BlackElo "1752"]
[PlyCount "62"]
[EventDate "2016.09.24"]
[EventType "swiss"]
[EventRounds "8"]
[EventCountry "ESP"]
[SourceTitle "EXT 2018"]
[Source "ChessBase"]
[SourceDate "2017.10.13"]
[SourceVersion "1"]
[SourceVersionDate "2017.10.13"]
[SourceQuality "1"]

1. d4 Nf6 2. c4 g6 3. Nf3 Bg7 4. e3 d6 5. Nc3 0-0 6. Be2 Nbd7 7. 0-0 e5 8. dxe5 dxe5 9. Qc2 Re8 10. e4 c6 11. h3 Qc7 12. Be3 Nf8 13. Rad1 Be6 14. Qc1 Rad8 15. Bh6 Bc8 16. Bxg7 Kxg7 17. Rxd8 Rxd8 18. Rd1 Rxd1+ 19. Qxd1 Ne6 20. Kh2 Nd4 21. c5 b6 22. cxb6 axb6 23. b4 Bb7 24. Bd3 Qd6 25. Kh1 Qxb4 26. Nxd4 Qxd4 27. Qc2 Nd7 28. Na4 b5 29. Nc3 Nc5 30. Bf1 b4 31. Ne2 Qxf2 0-1

[Event "Roncana op-A 10th"]
[Site "Santa Eulalia de Roncana"]
[Date "2016.09.24"]
[Round "1"]
[White "Bosch Ricart, Joan"]
[Black "Morais Carreras, Javier"]
[Result "0-1"]
[WhiteElo "1678"]
[BlackElo "1970"]
[PlyCount "64"]
[EventDate "2016.09.24"]
[EventType "swiss"]
[EventRounds "8"]
[EventCountry "ESP"]
[SourceTitle "EXT 2018"]
[Source "ChessBase"]
[SourceDate "2017.10.13"]
[SourceVersion "1"]
[SourceVersionDate "2017.10.13"]
[SourceQuality "1"]

1. d4 d5 2. c4 e6 3. Nc3 Nf6 4. Nf3 Be7 5. e3 0-0 6. Bd3 dxc4 7. Bxc4 a6 8. a4 Re8 9. 0-0 b6 10. Qc2 Bb7 11. Ne5 Nbd7 12. Bd3 h6 13. Rd1 Nxe5 14. dxe5 Nd5 15. Qb3 c6 16. Bd2 Qc7 17. Nxd5 exd5 18. Bc3 c5 19. Qc2 Qc6 20. f3 Rac8 21. Bf5 Rc7 22. Qf2 Bc8 23. Bxc8 Rcxc8 24. Qg3 Bf8 25. b3 Qe6 26. Rab1 b5 27. f4 b4 28. Ba1 c4 29. bxc4 dxc4 30. Qf3 c3 31. Rdc1 Rc7 32. Qe4 a5 0-1

[Event "Montcada op-B 24th"]
[Site "Montcada"]
[Date "2016.06.29"]
[Round "5"]
[White "Bosch Ricart, Joan"]
[Black "Alcaraz Lopez, Francesco"]
[Result "0-1"]
[WhiteElo "1680"]
[BlackElo "1891"]
[PlyCount "76"]
[EventDate "2016.06.25"]
[EventType "swiss"]
[EventRounds "9"]
[EventCountry "ESP"]
[SourceTitle "EXT 2017"]
[Source "ChessBase"]
[SourceDate "2016.10.25"]
[SourceVersion "1"]
[SourceVersionDate "2016.10.25"]
[SourceQuality "1"]

1. d4 d5 2. c4 e6 3. Nc3 Nf6 4. Nf3 Be7 5. e3 0-0 6. Bd3 a6 7. 0-0 Nbd7 8. Qc2 dxc4 9. Bxc4 b5 10. Bd3 c5 11. Rd1 c4 12. Be4 Rb8 13. Ne5 Rb6 14. Nc6 Qe8 15. Nxe7+ Qxe7 16. Bf3 Bb7 17. e4 Bc6 18. Bg5 h6 19. Be3 Rbb8 20. d5 exd5 21. exd5 Ba8 22. d6 Qe6 23. Bxa8 Rxa8 24. h3 Ne5 25. Ne2 Nd5 26. Nf4 Nxf4 27. Bxf4 Nd3 28. Bg3 f5 29. b3 f4 30. Bh2 f3 31. Rd2 fxg2 32. Kxg2 Rf7 33. Re2 Qf6 34. Rf1 Qf3+ 35. Kg1 Qxh3 36. Bg3 Rf5 37. d7 Rh5 38. Re8+ Kh7 0-1

[Event "Llinars del Valles op-B 10th"]
[Site "Llinars del Valles"]
[Date "2016.05.21"]
[Round "7"]
[White "Bosch Ricart, Joan"]
[Black "Diaz Doblas, Juan"]
[Result "1-0"]
[WhiteElo "1680"]
[BlackElo "1701"]
[PlyCount "63"]
[EventDate "2016.04.02"]
[EventType "swiss"]
[EventRounds "9"]
[EventCountry "ESP"]
[SourceTitle "CBM 172 Extra"]
[Source "ChessBase"]
[SourceDate "2016.06.21"]
[SourceVersion "1"]
[SourceVersionDate "2016.06.21"]
[SourceQuality "1"]

1. d4 Nf6 2. Nf3 d5 3. c4 e6 4. e3 Nc6 5. Bd3 Bb4+ 6. Nc3 dxc4 7. Bxc4 Ne4 8. Qc2 Nxc3 9. bxc3 Bd6 10. e4 0-0 11. 0-0 h6 12. e5 Be7 13. Bd3 b6 14. Be3 Bb7 15. h3 Na5 16. Nd2 Rc8 17. Ne4 Bxe4 18. Bxe4 c5 19. Rad1 Qc7 20. Qe2 Rfd8 21. Qg4 Kh8 22. Qh5 Bf8 23. d5 exd5 24. Bxd5 g6 25. Qf3 Bg7 26. Bxf7 Qxe5 27. Rxd8+ Rxd8 28. Bxg6 Rf8 29. Qg4 Qxc3 30. Qd7 Qf6 31. Bb1 Nc4 32. Qd3 1-0

[Event "Badalona op-C 41st"]
[Site "Badalona"]
[Date "2015.08.06"]
[Round "5.9"]
[White "Bosch Ricart, Joan"]
[Black "Vela Valverde, Sergi"]
[Result "0-1"]
[WhiteElo "1876"]
[BlackElo "1771"]
[PlyCount "62"]
[EventDate "2015.08.02"]
[EventType "swiss"]
[EventRounds "9"]
[EventCountry "ESP"]
[SourceTitle "EXT 2024"]
[Source "ChessBase"]
[SourceDate "2023.10.10"]
[SourceVersion "1"]
[SourceVersionDate "2023.10.10"]
[SourceQuality "1"]

1. e4 c5 2. Nf3 Nc6 3. d4 cxd4 4. Nxd4 Nf6 5. Nc3 a6 6. Be2 e5 7. Nf3 Bb4 8. Bg5 Qa5 9. Bxf6 Bxc3+ 10. bxc3 Qxc3+ 11. Nd2 gxf6 12. 0-0 Nd4 13. Bd3 d6 14. Re1 h5 15. Re3 Qc7 16. Nb3 Ne6 17. g3 h4 18. Qd2 hxg3 19. fxg3 Ng5 20. Bf1 Ke7 21. Qf2 Bh3 22. Bg2 Rh7 23. Rf1 Rh6 24. Re2 Rah8 25. Qe3 Bg4 26. Ref2 Bh3 27. Qxg5 fxg5 28. Rxf7+ Kd8 29. Rxc7 Kxc7 30. Rf2 Bxg2 31. Rxg2 g4 0-1

[Event "Roncana op-B 7th"]
[Site "Santa Eulalia de Roncana"]
[Date "2013.11.16"]
[Round "6"]
[White "Bosch Ricart, Joan"]
[Black "Toquero Gracia, Pau"]
[Result "0-1"]
[WhiteElo "1689"]
[BlackElo "1557"]
[PlyCount "54"]
[EventDate "2013.10.05"]
[EventType "swiss"]
[EventRounds "8"]
[EventCountry "ESP"]
[SourceTitle "EXT 2015"]
[Source "ChessBase"]
[SourceDate "2014.11.20"]
[SourceVersion "1"]
[SourceVersionDate "2014.11.20"]
[SourceQuality "1"]

1. d4 Nf6 2. c4 e6 3. Nc3 Bb4 4. Nf3 b6 5. e3 Bb7 6. a3 Bxc3+ 7. bxc3 0-0 8. Be2 Nc6 9. 0-0 Na5 10. Nd2 Ne4 11. Nxe4 Bxe4 12. f3 Bb7 13. Rb1 Ba6 14. c5 Bxe2 15. Qxe2 bxc5 16. Qa6 Nc6 17. Bd2 Rb8 18. dxc5 Qg5 19. Qc4 Ne7 20. Rbd1 Qd5 21. Qd4 Rb5 22. c4 Qxd4 23. exd4 Rb3 24. Bf4 Rc8 25. d5 exd5 26. cxd5 Ng6 27. Rfe1 Nxf4 0-1

[Event "Roncana op-B 7th"]
[Site "Santa Eulalia de Roncana"]
[Date "2013.10.26"]
[Round "4"]
[White "Bosch Ricart, Joan"]
[Black "Torras Coloma, Pau"]
[Result "1-0"]
[WhiteElo "1689"]
[BlackElo "1502"]
[PlyCount "33"]
[EventDate "2013.10.05"]
[EventType "swiss"]
[EventRounds "8"]
[EventCountry "ESP"]
[SourceTitle "EXT 2015"]
[Source "ChessBase"]
[SourceDate "2014.11.20"]
[SourceVersion "1"]
[SourceVersionDate "2014.11.20"]
[SourceQuality "1"]

1. d4 d5 2. c4 e6 3. Nf3 Nf6 4. Nc3 c6 5. e3 Be7 6. Be2 0-0 7. 0-0 Nbd7 8. Rb1 Re8 9. b4 b6 10. a3 Bd6 11. Qc2 e5 12. dxe5 Nxe5 13. Nxe5 Bxe5 14. Rd1 Bb7 15. Qd2 Qc7 16. cxd5 a6 17. Bb2 1-0

[Event "Roncana op-B 7th"]
[Site "Santa Eulalia de Roncana"]
[Date "2013.10.19"]
[Round "3"]
[White "Vega Benitez, Oscar"]
[Black "Bosch Ricart, Joan"]
[Result "1/2-1/2"]
[WhiteElo "1289"]
[BlackElo "1689"]
[PlyCount "45"]
[EventDate "2013.10.05"]
[EventType "swiss"]
[EventRounds "8"]
[EventCountry "ESP"]
[SourceTitle "EXT 2015"]
[Source "ChessBase"]
[SourceDate "2014.11.20"]
[SourceVersion "1"]
[SourceVersionDate "2014.11.20"]
[SourceQuality "1"]

1. e4 e6 2. d4 d5 3. Nd2 c5 4. c3 Nc6 5. exd5 exd5 6. Ndf3 Nf6 7. Bd3 Be7 8. Ne2 0-0 9. 0-0 Re8 10. Bg5 Bg4 11. Ng3 cxd4 12. cxd4 Nxd4 13. Bxh7+ Nxh7 14. Qxd4 Bxf3 15. Bxe7 Qxe7 16. gxf3 Qg5 17. Kh1 Qe5 18. Qg4 Nf6 19. Qf5 g6 20. Qh3 Kg7 21. Rg1 Rh8 22. Nf5+ Kg8 23. Nh6+ 1/2-1/2

[Event "Llinars del Valles op-B 7th"]
[Site "Llinars del Valles"]
[Date "2013.05.25"]
[Round "6"]
[White "Bosch Ricart, Joan"]
[Black "Pulido Leon, Manuel"]
[Result "0-1"]
[WhiteElo "1703"]
[BlackElo "1732"]
[PlyCount "59"]
[EventDate "2013.04.13"]
[EventType "swiss"]
[EventRounds "7"]
[EventCountry "ESP"]
[SourceTitle "CBM 154 Extra"]
[Source "ChessBase"]
[SourceDate "2013.06.25"]
[SourceVersion "2"]
[SourceVersionDate "2013.06.25"]
[SourceQuality "1"]

1. e4 e6 2. d4 d5 3. Nc3 dxe4 4. Nxe4 Nd7 5. Nf3 Ngf6 6. Bg5 Be7 7. Bd3 Nxe4 8. Bxe7 Qxe7 9. Bxe4 Qb4+ 10. Qd2 Qxb2 11. 0-0 Nf6 12. Bd3 0-0 13. Qf4 Qc3 14. g4 b6 15. g5 Nd5 16. Bxh7+ Kxh7 17. g6+ Kg8 18. Qh4 fxg6 19. Ng5 Nf6 20. Rae1 Qxc2 21. Re5 Qxa2 22. Rfe1 a5 23. R5e3 a4 24. Rf3 Qd2 25. Rf1 Ra5 26. Ne4 Nxe4 27. Rxf8+ Kxf8 28. Qh8+ Kf7 29. Qxc8 Rg5+ 30. Kh1 0-1

[Event "Llinars del Valles op-B 7th"]
[Site "Llinars del Valles"]
[Date "2013.05.18"]
[Round "5"]
[White "Barroso Lancharro, Oscar"]
[Black "Bosch Ricart, Joan"]
[Result "1/2-1/2"]
[WhiteElo "1660"]
[BlackElo "1703"]
[PlyCount "63"]
[EventDate "2013.04.13"]
[EventType "swiss"]
[EventRounds "7"]
[EventCountry "ESP"]
[SourceTitle "CBM 154 Extra"]
[Source "ChessBase"]
[SourceDate "2013.06.25"]
[SourceVersion "2"]
[SourceVersionDate "2013.06.25"]
[SourceQuality "1"]

1. d4 d5 2. Nf3 Nf6 3. c4 c6 4. g3 e6 5. cxd5 exd5 6. Bg2 Be7 7. Nc3 0-0 8. 0-0 Re8 9. Re1 Bd6 10. Bg5 h6 11. Bxf6 Qxf6 12. e4 Bb4 13. exd5 Rxe1+ 14. Qxe1 Qd8 15. dxc6 Nxc6 16. Qe4 Bxc3 17. bxc3 Be6 18. Ne5 Ne7 19. Qxb7 Rc8 20. Nc6 Nxc6 21. Bxc6 Rc7 22. Qb5 Qd6 23. d5 Bh3 24. Re1 Re7 25. Rxe7 Qxe7 26. Qb8+ Kh7 27. Qb1+ g6 28. d6 Qxd6 29. Bg2 Bxg2 30. Kxg2 Qc6+ 31. f3 Qxc3 32. Qb3 1/2-1/2